Media today : (Record no. 7202)
[ view plain ]
| 000 -LEADER | |
|---|---|
| fixed length control field | 01139cam a2200277 4500 |
| 001 - CONTROL NUMBER | |
| control field | 8338 |
| 005 - DATE AND TIME OF LATEST TRANSACTION | |
| control field | 20181127185655.0 |
| 008 - FIXED-LENGTH DATA ELEMENTS--GENERAL INFORMATION | |
| fixed length control field | 080520s2009 nyua b 001 0 eng |
| 010 ## - LIBRARY OF CONGRESS CONTROL NUMBER | |
| LC control number | 2008021757 |
| 020 ## - INTERNATIONAL STANDARD BOOK NUMBER | |
| International Standard Book Number | 0203895347 (e-book) |
| International Standard Book Number | 0415960584 (hardback : alk. paper) |
| International Standard Book Number | 0415960592 (pbk. : alk. paper) |
| International Standard Book Number | 9780203895344 (e-book) |
| International Standard Book Number | 9780415960588 (hardback : alk. paper) |
| International Standard Book Number | 9780415960595 (pbk. : alk. paper) |
| 082 00 - DEWEY DECIMAL CLASSIFICATION NUMBER | |
| Classification number | 302.23 |
| Edition number | 22 |
| 100 1# - MAIN ENTRY--PERSONAL NAME | |
| Personal name | Turow, Joseph. |
| 245 10 - TITLE STATEMENT | |
| Title | Media today : |
| Remainder of title | an introduction to mass communication / |
| Statement of responsibility, etc. | Joseph Turow. |
| 250 ## - EDITION STATEMENT | |
| Edition statement | 3rd ed. |
| 260 ## - PUBLICATION, DISTRIBUTION, ETC. | |
| Place of publication, distribution, etc. | New York : |
| Name of publisher, distributor, etc. | Routledge, |
| Date of publication, distribution, etc. | 2009. |
| 300 ## - PHYSICAL DESCRIPTION | |
| Extent | xxxii, 679 p. : |
| Other physical details | ill. (chiefly col.) ; |
| Dimensions | 28 cm. + |
| Accompanying material | 1 DVD-ROM (4 3/4 in.) |
| 504 ## - BIBLIOGRAPHY, ETC. NOTE | |
| Bibliography, etc. note | Includes bibliographical references (p. 662-666) and index. |
| 505 ## - FORMATTED CONTENTS NOTE | |
| Formatted contents note | CONTENTS : pt. 1. Understanding the nature of mass media -- pt. 2. Media giants and cross-media activities -- pt. 3. The print media -- pt. 4. The electronic media -- pt. 5. Advertising and public relations. |
| Miscellaneous information | |
| Statement of responsibility | |
| Title | |
| 650 #0 - SUBJECT ADDED ENTRY--TOPICAL TERM | |
| Topical term or geographic name entry element | Mass media. |
| Withdrawn status | Lost status | Source of classification or shelving scheme | Damaged status | Not for loan | Collection code | Home library | Current library | Shelving location | Date acquired | Serial Enumeration / chronology | Inventory number | Total Checkouts | Full call number | Barcode | Checked out | Date last seen | Date last checked out | Price effective from | Koha item type |
|---|---|---|---|---|---|---|---|---|---|---|---|---|---|---|---|---|---|---|---|
| Dewey Decimal Classification | Main TEST | RTC Library | RTC Library | Main opac | 01/03/2021 | 12734 | 4 | 302.2 TUR | 30012800 | 01/06/2026 | 09/03/2026 | 09/03/2026 | 27/11/2018 | Main | |||||
| Dewey Decimal Classification | Desk | RTC Library | RTC Library | Desk | 1 | 302.2 TUR | 30012680 | 14/08/2019 | 07/08/2019 | 27/11/2018 | Desk (DVD/CD) |